Bệnh đau đầu mãn tính
Tìm hiểu nguyên nhân chứng bệnh đau đầu, những hiểu biết thông thường về chứng bệnh đau đầu, phương pháp tốt nhất làm giảm đau đầu, phương pháp chọn thuốc, cách tiếp cận cách khám chữa bệnh của bác sĩ, đau đầu có liên quan đến tuổi...
Saved in:
| Main Author: | |
|---|---|
| Format: | Book |
| Language: | Undetermined |
| Published: |
Hà Nội
Nhà xuất bản Hà Nội
2004
|
| Subjects: | |
| Tags: |
Add Tag
No Tags, Be the first to tag this record!
|
| Institutions: | Trung tâm Học liệu Trường Đại học Cần Thơ |
|---|
| LEADER | 00967nam a2200217Ia 4500 | ||
|---|---|---|---|
| 001 | CTU_93657 | ||
| 008 | 210402s9999 xx 000 0 und d | ||
| 020 | |c 12500 | ||
| 082 | |a 616.84 | ||
| 082 | |b K76 | ||
| 100 | |a Kodansha | ||
| 245 | 0 | |a Bệnh đau đầu mãn tính | |
| 245 | 0 | |c Kodansha | |
| 260 | |a Hà Nội | ||
| 260 | |b Nhà xuất bản Hà Nội | ||
| 260 | |c 2004 | ||
| 520 | |a Tìm hiểu nguyên nhân chứng bệnh đau đầu, những hiểu biết thông thường về chứng bệnh đau đầu, phương pháp tốt nhất làm giảm đau đầu, phương pháp chọn thuốc, cách tiếp cận cách khám chữa bệnh của bác sĩ, đau đầu có liên quan đến tuổi tác, giới tính, thể chất.... | ||
| 650 | |a Head,Headache | ||
| 650 | |x Diseases | ||
| 904 | |i Trúc | ||
| 980 | |a Trung tâm Học liệu Trường Đại học Cần Thơ | ||